<?xml version="1.0" encoding="UTF-8"?>
<collection xmlns="http://www.loc.gov/MARC21/slim">
 <record>
  <leader>01206nam a2200253 a 4500</leader>
  <controlfield tag="001">3405798</controlfield>
  <controlfield tag="008">090601r20031989enk           001 0 eng d</controlfield>
  <datafield tag="010" ind1=" " ind2=" ">
   <subfield code="a">   89159156 </subfield>
  </datafield>
  <datafield tag="020" ind1=" " ind2=" ">
   <subfield code="a">0750619805</subfield>
  </datafield>
  <datafield tag="040" ind1=" " ind2=" ">
   <subfield code="a">MH</subfield>
   <subfield code="c">MH</subfield>
   <subfield code="d">DLC</subfield>
  </datafield>
  <datafield tag="082" ind1="0" ind2="4">
   <subfield code="a">306.09</subfield>
   <subfield code="2">22</subfield>
  </datafield>
  <datafield tag="100" ind1="1" ind2=" ">
   <subfield code="a">Drucker, Peter F.</subfield>
   <subfield code="q">(Peter Ferdinand),</subfield>
   <subfield code="d">1909-2005.</subfield>
  </datafield>
  <datafield tag="245" ind1="1" ind2="4">
   <subfield code="a">The new realities :</subfield>
   <subfield code="b">in government and politics-- , in economy and business-- , in society-- , and in world view /</subfield>
   <subfield code="c">Peter F. Drucker.</subfield>
  </datafield>
  <datafield tag="260" ind1=" " ind2=" ">
   <subfield code="a">Oxford :</subfield>
   <subfield code="b">Heinemann Professional Publishing,</subfield>
   <subfield code="c">c1989[reprinted 2003].</subfield>
  </datafield>
  <datafield tag="300" ind1=" " ind2=" ">
   <subfield code="a">262 p. ;</subfield>
   <subfield code="c">24 cm.</subfield>
  </datafield>
  <datafield tag="541" ind1="1" ind2=" ">
   <subfield code="e">00010220</subfield>
  </datafield>
  <datafield tag="650" ind1=" " ind2="0">
   <subfield code="a">Social history</subfield>
   <subfield code="y">1970-</subfield>
  </datafield>
  <datafield tag="650" ind1=" " ind2="0">
   <subfield code="a">World politics</subfield>
   <subfield code="y">1945-1989.</subfield>
  </datafield>
  <datafield tag="650" ind1=" " ind2="0">
   <subfield code="a">Economic history</subfield>
   <subfield code="y">1971-1990.</subfield>
  </datafield>
  <datafield tag="650" ind1=" " ind2="0">
   <subfield code="a">Civilization, Modern</subfield>
   <subfield code="y">1950-</subfield>
  </datafield>
  <datafield tag="852" ind1="4" ind2=" ">
   <subfield code="a">Ayesha Abed Library</subfield>
   <subfield code="j">General Shelf.</subfield>
  </datafield>
  <datafield tag="999" ind1=" " ind2=" ">
   <subfield code="c">1259</subfield>
   <subfield code="d">1259</subfield>
  </datafield>
  <datafield tag="952" ind1=" " ind2=" ">
   <subfield code="0">0</subfield>
   <subfield code="1">0</subfield>
   <subfield code="2">ddc</subfield>
   <subfield code="4">0</subfield>
   <subfield code="6">306_090000000000000_DRU</subfield>
   <subfield code="7">0</subfield>
   <subfield code="9">1144</subfield>
   <subfield code="a">BRACUL</subfield>
   <subfield code="b">BRACUL</subfield>
   <subfield code="c">GEN</subfield>
   <subfield code="d">2009-06-25</subfield>
   <subfield code="g">0.00</subfield>
   <subfield code="l">4</subfield>
   <subfield code="m">11</subfield>
   <subfield code="o">306.09 DRU</subfield>
   <subfield code="p">3010010220</subfield>
   <subfield code="r">2026-05-17</subfield>
   <subfield code="s">2026-04-25</subfield>
   <subfield code="t">1</subfield>
   <subfield code="w">2009-06-25</subfield>
   <subfield code="y">BK</subfield>
   <subfield code="x">No price found in the accession register.</subfield>
  </datafield>
  <datafield tag="952" ind1=" " ind2=" ">
   <subfield code="0">0</subfield>
   <subfield code="1">0</subfield>
   <subfield code="2">ddc</subfield>
   <subfield code="4">0</subfield>
   <subfield code="6">306_090000000000000_DRU</subfield>
   <subfield code="7">0</subfield>
   <subfield code="9">43309</subfield>
   <subfield code="a">SCL</subfield>
   <subfield code="b">SCL</subfield>
   <subfield code="c">GEN</subfield>
   <subfield code="d">2005-11-30</subfield>
   <subfield code="g">520.00</subfield>
   <subfield code="l">1</subfield>
   <subfield code="o">306.09 DRU</subfield>
   <subfield code="p">3020005804</subfield>
   <subfield code="r">2024-02-05</subfield>
   <subfield code="s">2024-01-25</subfield>
   <subfield code="t">2</subfield>
   <subfield code="w">2014-07-20</subfield>
   <subfield code="y">BK</subfield>
  </datafield>
 </record>
</collection>
